| 000 | 00462nam a2200157 a 4500 | ||
|---|---|---|---|
| 001 | 000045019 | ||
| 005 | 20201002045818.0 | ||
| 008 | 150129s19uu dr a 000 0 spa d | ||
| 020 | _a843998376X | ||
| 040 |
_aDO-SdBNP _bspa _cBNPHU |
||
| 082 |
_axxxx _bxxxx |
||
| 100 | 1 |
_aRodríguez, Héctor Manuel _936592 |
|
| 245 | 1 | 0 |
_aAbc dominicano / _casesor ; Héctor Manuel Rodríguez. |
| 260 |
_aSanto Domingo : _bSusaeta, _c[19uu?]. |
||
| 300 |
_a111 p. : _bil. ; _c21 cm. |
||
| 999 |
_c44508 _d44508 |
||